000 00469nam a22001577a 4500
003 PILC
005 20160204093404.0
008 140125b xxu||||| |||| 00| 0 eng d
020 _a9780130837899
050 _aPZ 5
_b.C5785 2000
245 _aClassics of Children's Literature /
_cedited by John W. Griffith, Charles H. Frey.
260 _aUSA :
_bMacmillan Publishing Company,
_cc2000.
300 _axvii, 1333 p. :
_c23 cm.
942 _2lcc
_cBK
_kFOR
999 _c26110
_d26110